[Event "OEISM 0818 BLMM"]
[Site "austriablmm"]
[Date "2020.12.12"]
[Round "5"]
[White "Wimmer Michael"]
[Black "Peter Balint"]
[Result "1-0"]
[WhiteElo "1715"]
[BlackElo "1824"]
[Annotator "NA RC"]
[PlyCount "127"]
[EventDate "2020.12.12"]
[EventType "blitz"]

1. e4 {[%emt 0:00:02]} e5 {[%emt 0:00:05]} 2. Nf3 {[%emt 0:00:02]} Nc6 {[%emt 0:00:01]} 3. d4 {[%emt 0:00:02]} exd4 {[%emt 0:00:06]} 4. Nxd4 {[%emt 0:00:02]} Nf6 {[%emt 0:00:01]} 5. Nc3 {[%emt 0:00:02]} Bb4 {[%emt 0:00:03]} 6. Nxc6 {[%emt 0:00:03]} bxc6 {[%emt 0:00:01]} 7. Bd3 {[%emt 0:00:02]} O-O {[%emt 0:00:02]} 8. O-O {[%emt 0:00:02]} d5 {[%emt 0:00:04]} 9. exd5 {[%emt 0:00:02]} cxd5 {[%emt 0:00:02]} 10. Bg5 {[%emt 0:00:02]} c6 {[%emt 0:00:04]} 11. Qf3 {[%emt 0:00:11]} Bd6 {[%emt 0:00:02]} 12. Rfe1 {[%emt 0:00:23]} Rb8 {[%emt 0:00:16]} 13. Rab1 {[%emt 0:00:08]} h6 {[%emt 0:00:05]} 14. Bxf6 {[%emt 0:00:05]} Qxf6 {[%emt 0:00:00]} 15. Qxf6 {[%emt 0:00:01]} gxf6 {[%emt 0:00:00]} 16. Ne2 {[%emt 0:00:11]} Be5 {[%emt 0:00:05]} 17. c3 {[%emt 0:00:22]} c5 {[%emt 0:00:15]} 18. Ng3 {[%emt 0:00:18]} d4 {[%emt 0:00:23]} 19. cxd4 {[%emt 0:00:13]} Bxd4 {[%emt 0:00:03]} 20. b3 {[%emt 0:00:24]} Bc3 {[%emt 0:00:50]} 21. Re7 {[%emt 0:00:35]} Rd8 {[%emt 0:00:25]} 22. Bc4 {[%emt 0:00:14]} Be6 {[%emt 0:01:34]} 23. Bxe6 {[%emt 0:00:12]} fxe6 {[%emt 0:00:00]} 24. Ne4 {[%emt 0:00:43]} Bd4 {[%emt 0:00:13]} 25. Rxe6 {[%emt 0:00:17]} Kf7 {[%emt 0:00:08]} 26. Rc6 {[%emt 0:00:36]} Re8 {[%emt 0:00:27]} 27. Nd6+ {[%emt 0:00:12]} Kg6 {[%emt 0:00:01]} 28. Nxe8 {[%emt 0:00:08]} Rxe8 {[%emt 0:00:00]} 29. Ra6 {[%emt 0:00:53]} Re2 {[%emt 0:00:06]} 30. Rd1 {[%emt 0:00:33]} Bxf2+ {[%emt 0:00:40]} 31. Kf1 {[%emt 0:00:16]} Rc2 {[%emt 0:00:08]} 32. Rdd6 {[%emt 0:00:33]} Bd4 {[%emt 0:00:04]} 33. Rxa7 {[%emt 0:00:24]} Rf2+ {[%emt 0:00:05]} 34. Ke1 {[%emt 0:00:06]} Rxg2 {[%emt 0:00:01]} 35. a4 {[%emt 0:00:17]} Rxh2 {[%emt 0:00:04]} 36. a5 {[%emt 0:00:09]} Ra2 {[%emt 0:00:01]} 37. a6 {[%emt 0:00:05]} h5 {[%emt 0:00:02]} 38. Re7 {[%emt 0:00:11]} h4 {[%emt 0:00:04]} 39. a7 {[%emt 0:00:05]} h3 {[%emt 0:00:01]} 40. Rd8 {[%emt 0:00:20]} f5 {[%emt 0:02:20]} 41. a8=Q {[%emt 0:00:51]} Rxa8 {[%emt 0:00:03]} 42. Rxa8 {[%emt 0:00:02]} h2 {[%emt 0:00:01]} 43. Ra6+ {[%emt 0:00:02]} Bf6 {[%emt 0:01:11]} 44. Rxf6+ {[%emt 0:00:04]} Kxf6 {[%emt 0:00:02]} 45. Rh7 {[%emt 0:00:02]} Ke5 {[%emt 0:00:01]} 46. Rxh2 {[%emt 0:00:02]} Kd4 {[%emt 0:00:00]} 47. Rh3 {[%emt 0:00:03]} f4 {[%emt 0:00:02]} 48. Kd2 {[%emt 0:00:03]} Ke4 {[%emt 0:00:03]} 49. Ke2 {[%emt 0:00:04]} Kd4 {[%emt 0:00:01]} 50. Rh4 {[%emt 0:00:02]} Kc3 {[%emt 0:00:02]} 51. Rxf4 {[%emt 0:00:02]} Kxb3 {[%emt 0:00:01]} 52. Kd1 {[%emt 0:00:03]} Kb2 {[%emt 0:00:01]} 53. Rc4 {[%emt 0:00:02]} Kb3 {[%emt 0:00:02]} 54. Rxc5 {[%emt 0:00:01]} Kb4 {[%emt 0:00:00]} 55. Rc8 {[%emt 0:00:02]} Kb5 {[%emt 0:00:01]} 56. Kd2 {[%emt 0:00:01]} Kb6 {[%emt 0:00:00]} 57. Kd3 {[%emt 0:00:02]} Kb7 {[%emt 0:00:00]} 58. Rc1 {[%emt 0:00:02]} Kb6 {[%emt 0:00:01]} 59. Kd4 {[%emt 0:00:01]} Kb5 {[%emt 0:00:00]} 60. Rc2 {[%emt 0:00:01]} Kb4 {[%emt 0:00:00]} 61. Rb2+ {[%emt 0:00:01]} Ka3 {[%emt 0:00:02]} 62. Rb8 {[%emt 0:00:01]} Ka4 {[%emt 0:00:02]} 63. Kc5 {[%emt 0:00:01]} Ka5 {[%emt 0:00:00]} 64. Ra8# {[%emt 0:00:01] Mate Mate} 1-0

[Event "OEISM 0818 BLMM"]
[Site "austriablmm"]
[Date "2020.12.12"]
[Round "5"]
[White "Chachacha7"]
[Black "Valeria5492"]
[Result "1-0"]
[WhiteElo "1711"]
[BlackElo "1467"]
[Annotator "NA RC"]
[PlyCount "81"]
[EventDate "2020.12.12"]
[EventType "blitz"]

1. d4 {[%emt 0:00:02]} d5 {[%emt 0:00:05]} 2. Bf4 {[%emt 0:00:02]} Bf5 {[%emt 0:00:13]} 3. e3 {[%emt 0:00:04]} Nc6 {[%emt 0:00:07]} 4. Nf3 {[%emt 0:00:07]} e6 {[%emt 0:00:07]} 5. Bb5 {[%emt 0:00:06]} Bb4+ {[%emt 0:00:27]} 6. c3 {[%emt 0:00:03]} Bd6 {[%emt 0:00:13]} 7. Ne5 {[%emt 0:00:16]} Bxe5 {[%emt 0:00:50]} 8. Bxe5 {[%emt 0:00:03]} Nf6 {[%emt 0:00:22]} 9. Qa4 {[%emt 0:00:16]} O-O {[%emt 0:00:06]} 10. Bxc6 {[%emt 0:00:19]} bxc6 {[%emt 0:00:10]} 11. Qxc6 {[%emt 0:00:02]} Rb8 {[%emt 0:00:13]} 12. b3 {[%emt 0:00:24]} Be4 {[%emt 0:00:20]} 13. O-O {[%emt 0:00:07]} Rb6 {[%emt 0:00:38]} 14. Qxc7 {[%emt 0:00:06]} Qxc7 {[%emt 0:00:20]} 15. Bxc7 {[%emt 0:00:02]} Rc6 {[%emt 0:00:11]} 16. Ba5 {[%emt 0:00:04]} Bd3 {[%emt 0:00:44]} 17. Rd1 {[%emt 0:00:11]} Be2 {[%emt 0:00:18]} 18. Re1 {[%emt 0:00:04]} Bh5 {[%emt 0:00:07]} 19. Nd2 {[%emt 0:00:04]} h6 {[%emt 0:00:18]} 20. c4 {[%emt 0:00:05]} Re8 {[%emt 0:00:19]} 21. c5 {[%emt 0:00:06]} Nd7 {[%emt 0:00:29]} 22. b4 {[%emt 0:00:08]} e5 {[%emt 0:00:23]} 23. b5 {[%emt 0:00:09]} Rg6 {[%emt 0:00:08]} 24. Kf1 {[%emt 0:00:34]} e4 {[%emt 0:00:16]} 25. Bc7 {[%emt 0:00:28]} Nf6 {[%emt 0:00:25]} 26. h3 {[%emt 0:00:18]} Rc8 {[%emt 0:00:26]} 27. b6 {[%emt 0:00:04]} axb6 {[%emt 0:00:03]} 28. cxb6 {[%emt 0:00:01]} Nd7 {[%emt 0:00:16]} 29. Rab1 {[%emt 0:00:02]} Rc6 {[%emt 0:00:39]} 30. Rec1 {[%emt 0:00:05]} Rf6 {[%emt 0:00:16]} 31. b7 {[%emt 0:00:06]} Rxc7 {[%emt 0:00:20]} 32. Rxc7 {[%emt 0:00:04]} Rd6 {[%emt 0:00:58]} 33. Rxd7 {[%emt 0:00:04]} Rxd7 {[%emt 0:00:02]} 34. b8=Q+ {[%emt 0:00:01]} Kh7 {[%emt 0:00:04]} 35. Rb7 {[%emt 0:00:03]} Rd6 {[%emt 0:00:13]} 36. Qxd6 {[%emt 0:00:03]} f6 {[%emt 0:00:09]} 37. Qe7 {[%emt 0:00:03]} Kg6 {[%emt 0:00:06]} 38. Qxg7+ {[%emt 0:00:04]} Kf5 {[%emt 0:00:02]} 39. g4+ {[%emt 0:00:01]} Ke6 {[%emt 0:00:06]} 40. gxh5 {[%emt 0:00:15]} Kf5 {[%emt 0:00:10]} 41. Qg4# {[%emt 0:00:03] (Lag: Av=0.54s, max=1.0s) Mate} 1-0

[Event "OEISM 0818 BLMM"]
[Site "austriablmm"]
[Date "2020.12.12"]
[Round "5"]
[White "Moritz_Pernerstorfer"]
[Black "Kriasi"]
[Result "1/2-1/2"]
[WhiteElo "1692"]
[BlackElo "1781"]
[Annotator "NA RC"]
[PlyCount "103"]
[EventDate "2020.12.12"]
[EventType "blitz"]

1. e4 {[%emt 0:00:07]} c6 {[%emt 0:00:01]} 2. d4 {[%emt 0:00:08]} d5 {[%emt 0:00:10]} 3. Nd2 {[%emt 0:00:05]} dxe4 {[%emt 0:00:02]} 4. Nxe4 {[%emt 0:00:02]} Bf5 {[%emt 0:00:00]} 5. Ng3 {[%emt 0:00:02]} Bg6 {[%emt 0:00:00]} 6. Nf3 {[%emt 0:00:14]} e6 {[%emt 0:00:02]} 7. h4 {[%emt 0:00:05]} h6 {[%emt 0:00:02]} 8. Be3 {[%emt 0:00:24]} Nf6 {[%emt 0:00:14]} 9. Bd3 {[%emt 0:00:11]} Bxd3 {[%emt 0:00:03]} 10. Qxd3 {[%emt 0:00:01]} Nd5 {[%emt 0:00:29]} 11. Bd2 {[%emt 0:00:19]} c5 {[%emt 0:00:38]} 12. dxc5 {[%emt 0:01:18]} Bxc5 {[%emt 0:00:00]} 13. Qb5+ {[%emt 0:00:15]} Nd7 {[%emt 0:00:32]} 14. Ne4 {[%emt 0:00:36]} Be7 {[%emt 0:00:12]} 15. Ne5 {[%emt 0:00:47]} N5f6 {[%emt 0:00:56]} 16. Nxd7 {[%emt 0:01:18]} Qxd7 {[%emt 0:00:07]} 17. Qxd7+ {[%emt 0:00:04]} Nxd7 {[%emt 0:00:02]} 18. O-O-O {[%emt 0:00:04]} Nc5 {[%emt 0:00:10]} 19. Nxc5 {[%emt 0:00:31]} Bxc5 {[%emt 0:00:00]} 20. Bc3 {[%emt 0:00:04]} O-O {[%emt 0:00:07]} 21. f3 {[%emt 0:00:16]} Rfd8 {[%emt 0:00:06]} 22. g4 {[%emt 0:00:03]} Be3+ {[%emt 0:00:30]} 23. Bd2 {[%emt 0:00:36] Moritz_Pernerstorfer offers a draw} Rxd2 {[%emt 0:00:15]} 24. Rxd2 {[%emt 0:00:04]} Rd8 {[%emt 0:00:01]} 25. Rhd1 {[%emt 0:00:06]} f5 {[%emt 0:00:10]} 26. c3 {[%emt 0:00:20]} g5 {[%emt 0:00:05]} 27. hxg5 {[%emt 0:00:05]} hxg5 {[%emt 0:00:07]} 28. Kc2 {[%emt 0:00:01]} Bxd2 {[%emt 0:00:05]} 29. Rxd2 {[%emt 0:00:00]} Rxd2+ {[%emt 0:00:16]} 30. Kxd2 {[%emt 0:00:00]} Kf7 {[%emt 0:00:01]} 31. Ke3 {[%emt 0:00:11]} Ke7 {[%emt 0:00:04]} 32. c4 {[%emt 0:00:09]} Kd6 {[%emt 0:00:10]} 33. b4 {[%emt 0:00:08]} b6 {[%emt 0:00:12]} 34. Kd4 {[%emt 0:00:23]} e5+ {[%emt 0:00:54]} 35. Kd3 {[%emt 0:00:15]} e4+ {[%emt 0:00:21] Kriasi reconnected.} 36. Ke3 {[%emt 0:02:17]} Ke5 {[%emt 0:02:46]} 37. gxf5 {[%emt 0:00:08]} exf3 {[%emt 0:00:02]} 38. Kxf3 {[%emt 0:00:02]} Kxf5 {[%emt 0:00:01]} 39. c5 {[%emt 0:00:07]} bxc5 {[%emt 0:00:16]} 40. bxc5 {[%emt 0:00:00]} Ke5 {[%emt 0:00:07]} 41. c6 {[%emt 0:00:07]} Kd6 {[%emt 0:00:01]} 42. c7 {[%emt 0:00:01]} Kxc7 {[%emt 0:00:01]} 43. Kg4 {[%emt 0:00:00]} Kb6 {[%emt 0:00:01]} 44. Kxg5 {[%emt 0:00:01]} Kb5 {[%emt 0:00:00]} 45. Kf4 {[%emt 0:00:01]} Kb4 {[%emt 0:00:01]} 46. Ke3 {[%emt 0:00:03]} Kc3 {[%emt 0:00:01]} 47. Ke2 {[%emt 0:00:05]} Kc2 {[%emt 0:00:02]} 48. Ke3 {[%emt 0:00:01] Moritz_Pernerstorfer offers a draw} a5 {[%emt 0:00:14]} 49. a3 {[%emt 0:00:13]} a4 {[%emt 0:00:16]} 50. Ke2 {[%emt 0:00:02]} Kb3 {[%emt 0:00:05]} 51. Kd2 {[%emt 0:00:02]} Kxa3 {[%emt 0:00:01]} 52. Kc3 {[%emt 0:00:04] Kriasi offers a draw} 1/2-1/2

[Event "OEISM 0818 BLMM"]
[Site "austriablmm"]
[Date "2020.12.12"]
[Round "5"]
[White "Gor200506"]
[Black "Nico2006"]
[Result "0-1"]
[WhiteElo "1638"]
[BlackElo "1849"]
[Annotator "NA RC"]
[PlyCount "70"]
[EventDate "2020.12.12"]
[EventType "blitz"]

1. e4 {[%emt 0:00:04]} c5 {[%emt 0:00:03]} 2. Nf3 {[%emt 0:00:01]} e6 {[%emt 0:00:02]} 3. d4 {[%emt 0:00:05]} cxd4 {[%emt 0:00:01]} 4. Nxd4 {[%emt 0:00:01]} Nf6 {[%emt 0:00:01]} 5. Nc3 {[%emt 0:00:02]} Nc6 {[%emt 0:00:01]} 6. Bb5 {[%emt 0:00:15]} Bb4 {[%emt 0:00:14]} 7. f3 {[%emt 0:00:17]} Qa5 {[%emt 0:00:26]} 8. Bxc6 {[%emt 0:00:10]} bxc6 {[%emt 0:00:04]} 9. Bd2 {[%emt 0:00:02]} O-O {[%emt 0:00:42]} 10. a3 {[%emt 0:00:09]} Bxc3 {[%emt 0:00:03]} 11. Bxc3 {[%emt 0:00:01]} Qb6 {[%emt 0:00:06]} 12. Qd2 {[%emt 0:00:16]} d5 {[%emt 0:00:08]} 13. e5 {[%emt 0:00:32]} Nd7 {[%emt 0:00:05]} 14. Ne2 {[%emt 0:00:55]} Ba6 {[%emt 0:00:24]} 15. b4 {[%emt 0:00:22]} Bxe2 {[%emt 0:00:10]} 16. Qxe2 {[%emt 0:00:07]} c5 {[%emt 0:00:17]} 17. f4 {[%emt 0:02:21]} Rfc8 {[%emt 0:00:14]} 18. g4 {[%emt 0:00:29]} cxb4 {[%emt 0:00:05]} 19. Bxb4 {[%emt 0:00:02]} Qd4 {[%emt 0:00:03]} 20. Rd1 {[%emt 0:00:53]} Qxf4 {[%emt 0:00:12]} 21. Bd6 {[%emt 0:00:02]} Rc4 {[%emt 0:00:12]} 22. Rf1 {[%emt 0:00:42]} Qg5 {[%emt 0:00:13]} 23. Qf3 {[%emt 0:00:41]} Re4+ {[%emt 0:00:05]} 24. Kf2 {[%emt 0:00:04]} Rf4 {[%emt 0:00:03]} 25. Kg3 {[%emt 0:00:01]} Rxf3+ {[%emt 0:00:03]} 26. Rxf3 {[%emt 0:00:00]} h5 {[%emt 0:00:12]} 27. h3 {[%emt 0:00:02]} hxg4 {[%emt 0:00:05]} 28. hxg4 {[%emt 0:00:01]} Nxe5 {[%emt 0:00:01]} 29. Bxe5 {[%emt 0:00:01]} Qxe5+ {[%emt 0:00:02]} 30. Kh3 {[%emt 0:00:01]} f5 {[%emt 0:00:05]} 31. gxf5 {[%emt 0:00:07]} exf5 {[%emt 0:00:03]} 32. Rg1 {[%emt 0:00:01]} Kf7 {[%emt 0:00:04]} 33. Rgf1 {[%emt 0:00:03]} g6 {[%emt 0:00:03]} 34. Kh4 {[%emt 0:00:02]} Rh8+ {[%emt 0:00:02]} 35. Kg5 {[%emt 0:00:02]} Rh5# {[%emt 0:00:02] Mate Mate} 0-1

[Event "OEISM 0818 BLMM"]
[Site "austriablmm"]
[Date "2020.12.12"]
[Round "5"]
[White "Widder2010"]
[Black "Leefke Giselbrecht"]
[Result "1-0"]
[WhiteElo "1622"]
[BlackElo "1462"]
[Annotator "NA RC"]
[PlyCount "153"]
[EventDate "2020.12.12"]
[EventType "blitz"]

1. g3 {[%emt 0:00:02]} d5 {[%emt 0:00:04]} 2. Bg2 {[%emt 0:00:01]} Nf6 {[%emt 0:00:03]} 3. e3 {[%emt 0:00:02]} Nc6 {[%emt 0:00:06]} 4. Ne2 {[%emt 0:00:02]} Bg4 {[%emt 0:00:06]} 5. d4 {[%emt 0:00:14]} e6 {[%emt 0:00:04]} 6. Nd2 {[%emt 0:00:08]} Bd6 {[%emt 0:00:06]} 7. b3 {[%emt 0:00:04]} O-O {[%emt 0:00:03]} 8. O-O {[%emt 0:00:06]} Re8 {[%emt 0:00:02]} 9. f3 {[%emt 0:00:04]} Bf5 {[%emt 0:00:07]} 10. g4 {[%emt 0:00:10]} Bg6 {[%emt 0:00:04]} 11. Ng3 {[%emt 0:00:04]} Ne7 {[%emt 0:00:03]} 12. Bb2 {[%emt 0:00:16]} c6 {[%emt 0:00:06]} 13. c4 {[%emt 0:00:06]} Qc7 {[%emt 0:00:07]} 14. Kf2 {[%emt 0:00:13]} h5 {[%emt 0:00:32]} 15. gxh5 {[%emt 0:00:10]} Nxh5 {[%emt 0:00:04]} 16. Nxh5 {[%emt 0:00:03]} Bxh5 {[%emt 0:00:02]} 17. c5 {[%emt 0:00:07]} Bxh2 {[%emt 0:00:04]} 18. Rh1 {[%emt 0:00:18]} Qg3+ {[%emt 0:00:04]} 19. Kf1 {[%emt 0:00:08]} Nf5 {[%emt 0:00:11]} 20. Qe1 {[%emt 0:00:20]} Bg6 {[%emt 0:01:30]} 21. Qf2 {[%emt 0:00:39]} Bh7 {[%emt 0:00:46]} 22. Ke2 {[%emt 0:00:41]} e5 {[%emt 0:00:07]} 23. Bf1 {[%emt 0:00:29]} Qxf2+ {[%emt 0:00:19]} 24. Kxf2 {[%emt 0:00:08]} Bg3+ {[%emt 0:00:04]} 25. Kg2 {[%emt 0:00:16]} exd4 {[%emt 0:00:07]} 26. Bxd4 {[%emt 0:00:03]} Nxd4 {[%emt 0:00:17]} 27. exd4 {[%emt 0:00:09]} Bf4 {[%emt 0:00:13]} 28. Bd3 {[%emt 0:00:22]} Bxd3 {[%emt 0:00:22]} 29. Nf1 {[%emt 0:00:04]} Re2+ {[%emt 0:00:20]} 30. Kg1 {[%emt 0:00:10]} Kf8 {[%emt 0:00:28]} 31. Rh8+ {[%emt 0:00:14]} Ke7 {[%emt 0:00:02]} 32. Rxa8 {[%emt 0:00:03]} a6 {[%emt 0:00:28]} 33. Ra7 {[%emt 0:00:04]} Bg5 {[%emt 0:00:20]} 34. Rxb7+ {[%emt 0:00:08]} Kf6 {[%emt 0:00:03]} 35. Rb6 {[%emt 0:00:25]} Bh4 {[%emt 0:00:03]} 36. Rxc6+ {[%emt 0:00:08]} Ke7 {[%emt 0:00:03]} 37. Rc7+ {[%emt 0:00:21]} Kf6 {[%emt 0:00:04]} 38. Rc6+ {[%emt 0:00:14]} Ke7 {[%emt 0:00:03]} 39. Rc7+ {[%emt 0:00:06]} Kf6 {[%emt 0:00:06]} 40. c6 {[%emt 0:00:26]} Rf2 {[%emt 0:00:06]} 41. Ra7 {[%emt 0:00:17]} Kg6 {[%emt 0:00:19]} 42. Rc1 {[%emt 0:00:08]} Re2 {[%emt 0:00:07]} 43. c7 {[%emt 0:00:08]} Bf6 {[%emt 0:00:05]} 44. c8=Q {[%emt 0:00:18]} Bxd4+ {[%emt 0:00:03]} 45. Kh1 {[%emt 0:00:05]} Bxa7 {[%emt 0:00:17]} 46. Qg4+ {[%emt 0:00:09]} Kf6 {[%emt 0:00:05]} 47. Qh4+ {[%emt 0:00:12]} g5 {[%emt 0:00:08]} 48. Rc6+ {[%emt 0:00:06]} Kf5 {[%emt 0:00:14]} 49. Qg4+ {[%emt 0:00:09]} Ke5 {[%emt 0:00:05]} 50. Qxg5+ {[%emt 0:00:05]} Kd4 {[%emt 0:00:08]} 51. Qf4+ {[%emt 0:00:09]} Be4 {[%emt 0:00:09]} 52. fxe4 {[%emt 0:00:08]} Rxe4 {[%emt 0:00:10]} 53. Qf2+ {[%emt 0:00:09]} Kd3 {[%emt 0:00:06]} 54. Qxa7 {[%emt 0:00:04]} Rh4+ {[%emt 0:00:03]} 55. Nh2 {[%emt 0:00:04]} Re4 {[%emt 0:00:03]} 56. Rc1 {[%emt 0:00:08]} Re2 {[%emt 0:00:08]} 57. Qc5 {[%emt 0:00:06]} Re4 {[%emt 0:00:07]} 58. Qc3+ {[%emt 0:00:04]} Ke2 {[%emt 0:00:04]} 59. Re1+ {[%emt 0:00:02]} Kf2 {[%emt 0:00:04]} 60. Rxe4 {[%emt 0:00:03]} dxe4 {[%emt 0:00:04]} 61. Qd2+ {[%emt 0:00:03]} Kg3 {[%emt 0:00:05]} 62. Qe3+ {[%emt 0:00:02]} Kh4 {[%emt 0:00:04]} 63. Qxe4+ {[%emt 0:00:06]} Kg5 {[%emt 0:00:02]} 64. Nf3+ {[%emt 0:00:02]} Kf6 {[%emt 0:00:05]} 65. Qc6+ {[%emt 0:00:04]} Kf5 {[%emt 0:00:03]} 66. Qxa6 {[%emt 0:00:02]} Ke4 {[%emt 0:00:04]} 67. b4 {[%emt 0:00:02]} Kxf3 {[%emt 0:00:03]} 68. b5 {[%emt 0:00:01]} f5 {[%emt 0:00:02]} 69. b6 {[%emt 0:00:01]} Ke3 {[%emt 0:00:02]} 70. b7 {[%emt 0:00:01]} f4 {[%emt 0:00:01]} 71. b8=Q {[%emt 0:00:02]} f3 {[%emt 0:00:03]} 72. Qb4 {[%emt 0:00:03]} f2 {[%emt 0:00:03]} 73. Qe6+ {[%emt 0:00:02]} Kd3 {[%emt 0:00:02]} 74. Qh3+ {[%emt 0:00:06]} Ke2 {[%emt 0:00:05]} 75. Qb2+ {[%emt 0:00:03]} Ke1 {[%emt 0:00:03]} 76. Qe3+ {[%emt 0:00:13]} Kf1 {[%emt 0:00:12]} 77. Qec1# {[%emt 0:00:02] Mate Mate} 1-0

[Event "OEISM 0818 BLMM"]
[Site "austriablmm"]
[Date "2020.12.12"]
[Round "5"]
[White "Maryam2010"]
[Black "Cachri"]
[Result "0-1"]
[WhiteElo "1619"]
[BlackElo "1579"]
[Annotator "NA RC"]
[PlyCount "54"]
[EventDate "2020.12.12"]
[EventType "blitz"]

1. e4 {[%emt 0:00:03]} d6 {[%emt 0:00:00]} 2. d4 {[%emt 0:00:04]} Nf6 {[%emt 0:00:01]} 3. Nc3 {[%emt 0:00:04]} g6 {[%emt 0:00:02]} 4. g3 {[%emt 0:00:10]} Bg7 {[%emt 0:00:01]} 5. Bg2 {[%emt 0:00:05]} O-O {[%emt 0:00:01]} 6. Nf3 {[%emt 0:00:03]} c6 {[%emt 0:00:01]} 7. O-O {[%emt 0:00:03]} Nbd7 {[%emt 0:00:01]} 8. Bg5 {[%emt 0:00:07]} Qc7 {[%emt 0:00:24]} 9. Rc1 {[%emt 0:00:09]} e5 {[%emt 0:00:02]} 10. dxe5 {[%emt 0:00:23]} dxe5 {[%emt 0:00:05]} 11. Re1 {[%emt 0:00:16]} h6 {[%emt 0:00:04]} 12. Be3 {[%emt 0:00:12]} Ng4 {[%emt 0:00:16]} 13. Qd2 {[%emt 0:00:20]} Ndf6 {[%emt 0:00:49]} 14. Bc5 {[%emt 0:00:15]} Rd8 {[%emt 0:00:05]} 15. Qe2 {[%emt 0:00:25]} Nd7 {[%emt 0:00:11]} 16. h3 {[%emt 0:00:41]} Nxc5 {[%emt 0:00:45]} 17. hxg4 {[%emt 0:00:04]} Bxg4 {[%emt 0:00:01]} 18. Qc4 {[%emt 0:00:14]} Ne6 {[%emt 0:01:00]} 19. Rcd1 {[%emt 0:00:22]} Bxf3 {[%emt 0:01:54]} 20. Bxf3 {[%emt 0:00:05]} Nd4 {[%emt 0:00:07]} 21. Bg4 {[%emt 0:00:29]} h5 {[%emt 0:00:16]} 22. Be2 {[%emt 0:00:24]} Rd7 {[%emt 0:00:41]} 23. Rd2 {[%emt 0:00:32]} Nf3+ {[%emt 0:00:41]} 24. Bxf3 {[%emt 0:00:18]} Rxd2 {[%emt 0:00:01]} 25. Nb5 {[%emt 0:00:19]} Qb6 {[%emt 0:00:13]} 26. Qc3 {[%emt 0:00:32]} Qxf2+ {[%emt 0:00:08]} 27. Kh1 {[%emt 0:00:11]} Qh2# {[%emt 0:00:00] Mate Mate} 0-1

[Event "OEISM 0818 BLMM"]
[Site "austriablmm"]
[Date "2020.12.12"]
[Round "5"]
[White "MGamer"]
[Black "Zsofia04"]
[Result "0-1"]
[WhiteElo "1604"]
[BlackElo "1829"]
[Annotator "NA RC"]
[PlyCount "138"]
[EventDate "2020.12.12"]
[EventType "blitz"]

1. e4 {[%emt 0:00:02]} c5 {[%emt 0:00:02]} 2. d4 {[%emt 0:00:02]} cxd4 {[%emt 0:00:02]} 3. Nf3 {[%emt 0:00:01]} Nc6 {[%emt 0:00:02]} 4. Nxd4 {[%emt 0:00:02]} Nf6 {[%emt 0:00:02]} 5. Nc3 {[%emt 0:00:02]} d6 {[%emt 0:00:01]} 6. f3 {[%emt 0:00:18]} e5 {[%emt 0:00:04]} 7. Nb3 {[%emt 0:00:09]} Be6 {[%emt 0:00:03]} 8. Be3 {[%emt 0:00:05]} Be7 {[%emt 0:00:02]} 9. Qd2 {[%emt 0:00:04]} O-O {[%emt 0:00:02]} 10. g4 {[%emt 0:00:04]} d5 {[%emt 0:00:08]} 11. g5 {[%emt 0:00:38]} Nxe4 {[%emt 0:00:18]} 12. fxe4 {[%emt 0:01:43]} d4 {[%emt 0:00:02]} 13. h4 {[%emt 0:00:35]} dxe3 {[%emt 0:00:16]} 14. Qxd8 {[%emt 0:00:40]} Rfxd8 {[%emt 0:00:07]} 15. Bh3 {[%emt 0:00:03]} Bxh3 {[%emt 0:00:24]} 16. Rxh3 {[%emt 0:00:00]} Nd4 {[%emt 0:00:02]} 17. O-O-O {[%emt 0:02:56]} Nxb3+ {[%emt 0:00:36]} 18. axb3 {[%emt 0:00:00]} Bc5 {[%emt 0:00:06]} 19. Nd5 {[%emt 0:00:11]} Rd6 {[%emt 0:00:28]} 20. b4 {[%emt 0:00:13]} e2 {[%emt 0:00:41]} 21. Re1 {[%emt 0:00:27]} Bb6 {[%emt 0:01:06]} 22. Rxe2 {[%emt 0:00:13]} Kf8 {[%emt 0:00:08]} 23. c4 {[%emt 0:00:42]} Bd4 {[%emt 0:00:14]} 24. c5 {[%emt 0:00:40]} Rc6 {[%emt 0:00:31]} 25. Rc2 {[%emt 0:00:20]} a5 {[%emt 0:00:09]} 26. Nb6 {[%emt 0:00:18]} Rd8 {[%emt 0:00:17]} 27. bxa5 {[%emt 0:00:14]} Bxc5 {[%emt 0:00:23]} 28. Nd5 {[%emt 0:00:10]} Rdc8 {[%emt 0:00:41]} 29. Rhc3 {[%emt 0:00:17]} Ke8 {[%emt 0:00:49]} 30. Kd1 {[%emt 0:00:13]} Kd7 {[%emt 0:00:16]} 31. b4 {[%emt 0:00:08]} Bd4 {[%emt 0:00:10]} 32. Rxc6 {[%emt 0:00:05]} Rxc6 {[%emt 0:00:02]} 33. Rxc6 {[%emt 0:00:04]} Kxc6 {[%emt 0:00:02]} 34. Ke2 {[%emt 0:00:04]} Kb5 {[%emt 0:00:03]} 35. Kd3 {[%emt 0:00:02]} Bf2 {[%emt 0:00:16]} 36. h5 {[%emt 0:00:01]} Be1 {[%emt 0:00:03]} 37. h6 {[%emt 0:00:05]} g6 {[%emt 0:00:08]} 38. Nf6 {[%emt 0:00:02]} Bxb4 {[%emt 0:00:15]} 39. Nxh7 {[%emt 0:00:01]} Kxa5 {[%emt 0:00:08]} 40. Nf6 {[%emt 0:00:01]} Bf8 {[%emt 0:00:02]} 41. h7 {[%emt 0:00:05]} Bg7 {[%emt 0:00:02]} 42. Nd7 {[%emt 0:00:03]} b5 {[%emt 0:00:06]} 43. Nc5 {[%emt 0:00:03]} b4 {[%emt 0:00:04]} 44. Kc4 {[%emt 0:00:01]} Bh8 {[%emt 0:00:07]} 45. Nb3+ {[%emt 0:00:02]} Ka4 {[%emt 0:00:04]} 46. Nd2 {[%emt 0:00:01]} f6 {[%emt 0:00:06]} 47. gxf6 {[%emt 0:00:02]} Bxf6 {[%emt 0:00:01]} 48. Kd3 {[%emt 0:00:05]} Ka3 {[%emt 0:00:10]} 49. Kc2 {[%emt 0:00:02]} Ka2 {[%emt 0:00:05]} 50. Nb3 {[%emt 0:00:09]} g5 {[%emt 0:00:02]} 51. Nc1+ {[%emt 0:00:01]} Ka3 {[%emt 0:00:05]} 52. Kb1 {[%emt 0:00:01]} g4 {[%emt 0:00:06]} 53. Ne2 {[%emt 0:00:01]} b3 {[%emt 0:00:02]} 54. Ng3 {[%emt 0:00:02]} b2 {[%emt 0:00:04]} 55. Nh5 {[%emt 0:00:02]} Bh8 {[%emt 0:00:03]} 56. Ng3 {[%emt 0:00:01]} Kb3 {[%emt 0:00:02]} 57. Nf5 {[%emt 0:00:01]} Kc3 {[%emt 0:00:04]} 58. Ng3 {[%emt 0:00:13]} Bg7 {[%emt 0:00:13]} 59. Nf5 {[%emt 0:00:04]} Bf6 {[%emt 0:00:04]} 60. Ng3 {[%emt 0:00:01]} Bh8 {[%emt 0:00:06]} 61. Nh5 {[%emt 0:00:02]} Kd3 {[%emt 0:00:05]} 62. Kxb2 {[%emt 0:00:08]} Kxe4 {[%emt 0:00:02]} 63. Kc2 {[%emt 0:00:00]} Kf3 {[%emt 0:00:03]} 64. Kd3 {[%emt 0:00:01]} e4+ {[%emt 0:00:01]} 65. Kd2 {[%emt 0:00:01]} e3+ {[%emt 0:00:09]} 66. Ke1 {[%emt 0:00:01]} Bc3+ {[%emt 0:00:05]} 67. Kf1 {[%emt 0:00:01]} e2+ {[%emt 0:00:02]} 68. Kg1 {[%emt 0:00:01]} e1=Q+ {[%emt 0:00:01]} 69. Kh2 {[%emt 0:00:01]} Qf2+ {[%emt 0:00:02] MGamer resigns} 0-1